| 000 | 00682nam a2200217 a 4500 | ||
|---|---|---|---|
| 001 | 000025816 | ||
| 005 | 20200930024054.0 | ||
| 008 | 800131s1912 sp 000 p spa d | ||
| 040 |
_aDO-SdBNP _bspa _cBNPHU |
||
| 082 |
_a861.5 _bS112r |
||
| 100 | 1 |
_aSaavedra, Ángel de , _cDuque de Rivas, _d1791-1865 _952643 |
|
| 245 | 1 | 0 |
_aRomances / _cDuque de Rivas. |
| 260 |
_aMadrid : _bLa Lectura, _c1912. |
||
| 300 |
_av. ; _c18 cm. |
||
| 490 | 1 | _aClásicos castellanos | |
| 500 | _aLa biblioteca posee el volumen 2. | ||
| 650 | 4 |
_aPoesía española _ySIGLO XVIII _915870 |
|
| 650 | 4 |
_aLiteratura española _ySIGLO XVIII _913698 |
|
| 830 | 0 |
_aClásicos castellanos ; _94180 |
|
| 049 | _aBNGR | ||
| 999 |
_c25308 _d25308 |
||